A brief survey of austrian history
Na minha lista:
| Autor principal: | |
|---|---|
| Formato: | Livro |
| Idioma: | Undetermined |
| Publicado em: |
Austria
Georg Prachner Verlag in Vienna
1966
|
| Assuntos: | |
| Tags: |
Adicionar Tag
Sem tags, seja o primeiro a adicionar uma tag!
|
| Thư viện lưu trữ: | Trung tâm Học liệu Trường Đại học Cần Thơ |
|---|
| LEADER | 00515nam a2200193Ia 4500 | ||
|---|---|---|---|
| 001 | CTU_82429 | ||
| 008 | 210402s9999 xx 000 0 und d | ||
| 082 | |a 943.6 | ||
| 082 | |b R539 | ||
| 100 | |a Rickett, Richard | ||
| 245 | 2 | |a A brief survey of austrian history | |
| 245 | 0 | |c Richard Rickett | |
| 260 | |a Austria | ||
| 260 | |b Georg Prachner Verlag in Vienna | ||
| 260 | |c 1966 | ||
| 650 | |a Austria | ||
| 650 | |x History | ||
| 904 | |i Mai Loan,Hải | ||
| 980 | |a Trung tâm Học liệu Trường Đại học Cần Thơ | ||